000 00371nam a2200133 i 4500
001 bg
245 0 _aEkonomiści dyskutują o gospodarce :
_b[materiały z "Czwartków" w Polskim Towarzystwie Ekonomicznym. Czw.1-6].
260 _aWarszawa,
_c1979.
040 _cBPK
041 _apol
080 _a338.1(438)
942 _cKS
008 s pl f |000 0 pol
999 _c21612
_d21612
856 _uhttp://koha.tu.koszalin.pl/cgi-bin/koha/opac-detail.pl?biblionumber=21612
_yKatalog online BPK